Word Ladder: Meta Sporcle II Quiz Stats

 Plays Quiz Updated Feb 6, 2017

Support Sporcle.
Go Orange.
Score 0/18 Timer 02:00
0 Plays Today
Clue 4-Letter Word % Correct
Moldable medium for potteryCLAY
95.9%
Former button you would have pushed to start this quiz: [First Rung] [Last Rung]PLAY
93.9%
A marine bivalve molluskCLAM
87.7%
A sea-going vesselBOAT
80.6%
A female horseMARE
80.2%
BoastBRAG
79.1%
An impish childBRAT
76.5%
Like David Bowie, in the 1970'sGLAM
75.1%
One millionth of a metric tonGRAM
74.8%
Clue 4-Letter Word % Correct
The prison on a shipBRIG
69.2%
A baby carriage in the UKPRAM
68.4%
Former button you would have pushed to start this quiz: [First Rung] [Last Rung]GAME
67.2%
Stiffly formal or properPRIM
64.8%
Angela Lansbury's 1966 musical hitMAME
60.7%
One who annoys by overly adhering to mannersPRIG
55%
Sir Thomas who wrote 'Utopia'MORE
54.4%
To cause ennui in othersBORE
47.7%
License plate the Simpsons find in Itchy and Scratchy LandBORT
45.4%

Today's Daily Dose

Missing Word
FPS Games (A-Z)

Quick Pick
Cartoon Lions

Get the Picture
5, 6, 7, or 8 Movies

You're not logged in!

Compare scores with friends on all Sporcle quizzes.
OR
Log In
Forgot?

From the Vault

'This' and 'That'

by tk925

Sometimes you get a little of this, sometimes a little of that.
Remove Ads.
Support Sporcle.
Get the best of Sporcle when you Go Orange. This ad-free experience offers more features, more stats, and more fun while also helping to support Sporcle. Thank you for becoming a member.

Show Comments

Extras

Top Quizzes Today


Score Distribution

Your Account Isn't Verified!

In order to create a playlist on Sporcle, you need to verify the email address you used during registration. Go to your Sporcle Settings to finish the process.

Report this User

Report this user for behavior that violates our Community Guidelines.

Details: